[Event "Krasnoyarsk Region-ch"]
[Site "Krasnoyarsk"]
[Date "2015.10.12"]
[Round "5"]
[White "Sosnin, Mikhail"]
[Black "Firsov, Oleg"]
[Result "0-1"]
[WhiteElo "2068"]
[BlackElo "1990"]
[PlyCount "126"]
[EventDate "2015.10.??"]
[EventType "swiss"]
[EventRounds "11"]
[EventCountry "RUS"]
[SourceTitle "CBM 169 Extra"]
[Source "ChessBase"]
[SourceDate "2015.12.18"]
[SourceVersion "1"]
[SourceVersionDate "2015.12.18"]
[SourceQuality "1"]

1. d4 d5 2. Bf4 c5 3. c3 Nc6 4. e3 Nf6 5. Bd3 Bg4 6. f3 Bh5 7. Qb3 Qd7 8. dxc5 e5 9. Bg5 Bxc5 10. Bxf6 gxf6 11. e4 dxe4 12. Bxe4 f5 13. Bxc6 Qxc6 14. Nd2 0-0-0 15. Ne2 Rd7 16. Nc4 f6 17. Rd1 Rhd8 18. Rxd7 Rxd7 19. Na5 Qd6 20. Qc2 f4 21. b4 Bb6 22. Nc4 Qe6 23. Nxb6+ Qxb6 24. Rf1 Bg6 25. Qc1 Rd3 26. g3 Re3 27. gxf4 Bd3 28. Rf2 exf4 29. Qd2 Qb5 30. Kf1 Qf5 31. Kg1 Qe5 32. Kf1 Bc4 33. Ke1 Qf5 34. Kf1 Re8 35. Kg1 Qb1+ 36. Nc1 Re3 37. Kg2 Qg6+ 38. Kh1 Qe8 39. h3 Qh5 40. Kh2 Rxf3 41. Rxf3 Qxf3 42. Qg2 Qxc3 43. Qg4+ Kd8 44. Qxf4 Qe5 45. Kg3 Ke7 46. Kg4 Qxf4+ 47. Kxf4 Ke6 48. Ke4 f5+ 49. Kd4 Bf1 50. h4 Kf6 51. Nb3 Bg2 52. Nc5 f4 53. Nd7+ Kf5 54. Nf8 h5 55. a4 Kg4 56. Ng6 Kg3 57. Ne7 Kxh4 58. b5 Kg4 59. a5 h4 60. a6 bxa6 61. bxa6 h3 62. Ng6 h2 63. Ne5+ Kg3 0-1

[Event "Krasnoyarsk Region-ch"]
[Site "Krasnoyarsk"]
[Date "2015.10.09"]
[Round "2"]
[White "Morin, Andrey"]
[Black "Firsov, Oleg"]
[Result "1/2-1/2"]
[WhiteElo "2067"]
[BlackElo "1990"]
[PlyCount "115"]
[EventDate "2015.10.??"]
[EventType "swiss"]
[EventRounds "11"]
[EventCountry "RUS"]
[SourceTitle "CBM 169 Extra"]
[Source "ChessBase"]
[SourceDate "2015.12.18"]
[SourceVersion "1"]
[SourceVersionDate "2015.12.18"]
[SourceQuality "1"]

1. e4 c5 2. Nc3 e6 3. f4 Nc6 4. Nf3 g6 5. d3 Bg7 6. g3 Nge7 7. Bg2 0-0 8. 0-0 d5 9. Qe1 Bd7 10. Kh1 Rc8 11. Qf2 Nd4 12. Nd1 dxe4 13. dxe4 Bb5 14. Re1 Nxf3 15. Qxf3 Nc6 16. c3 Qe7 17. Nf2 Rfd8 18. Be3 Na5 19. Rad1 Bc6 20. Qe2 b6 21. Bc1 Rxd1 22. Rxd1 Rd8 23. Rxd8+ Qxd8 24. b4 cxb4 25. cxb4 Nb7 26. e5 Bxg2+ 27. Kxg2 Qc7 28. Bb2 Nd8 29. Ne4 Qc6 30. Qd3 Qc7 31. Kf2 Nc6 32. Qc3 Qd7 33. b5 Ne7 34. Ba3 Nf5 35. g4 Qd4+ 36. Qxd4 Nxd4 37. Nd6 f6 38. Bb2 fxe5 39. Bxd4 exd4 40. Nc8 e5 41. fxe5 Bxe5 42. h3 Bb8 43. Ne7+ Kf7 44. Nc6 Bd6 45. Kf3 Bc5 46. Ke4 Kf6 47. Nxa7 Kg5 48. Nc6 Kh4 49. Nxd4 Kxh3 50. Ne6 Bg1 51. g5 Kg4 52. a4 Bf2 53. Ke5 Bg1 54. Kf6 Be3 55. Ke5 Bd2 56. Ke4 Bc3 57. Kd3 Be1 58. Ke4 1/2-1/2